Normal view
MARC view
- Kulkurni
Entry Personal Name
001 - CONTROL NUMBER
- control field: 114808
003 - CONTROL NUMBER IDENTIFIER
- control field: OSt
005 - DATE AND TIME OF LATEST TRANSACTION
- control field: 20230125044809.0
008 - FIXED-LENGTH DATA ELEMENTS
- fixed length control field: 230125|| aca||aabn | a|a d
040 ## - CATALOGING SOURCE
- Original cataloging agency: OSt
- Transcribing agency: OSt
100 ## - HEADING--PERSONAL NAME
- Personal name: Kulkurni
670 ## - SOURCE DATA FOUND
- Source citation: Work cat.: (OSt)92391: Kulkurni, Co-operative law and other law, 2003